Textová cvičebnica ruského jazyka pre poľnohospodárov

Bibliographic Details
Main Authors: Soták, Michal, 1927- (Author), Gendiarová, Eugénia (Author)
Format: Book
Language:Russian
PhysicalDescription:441, [4] s. 8°
Published: Bratislava Príroda 1969
Subjects:

MARC

LEADER 00000nam a2200000 a 4500
001 vtls001472204
003 SK-MaSNL
005 20260302073511.0
008 240509s1969 xo r 0 rus
015 |a SNBA1970/01-00135 
035 |a SNK000427506 
040 |a SNK  |b slo  |c SNK  |e AACR2 
041 0 |a rus 
044 |a xo  |c SK 
080 |a 808.2-316.4:631(075.8)  |2 1981 
080 |a 631(075.8)  |2 1981 
100 1 |a Soták, Michal,  |d 1927-  |4 aut  |9 123141 
245 1 0 |a Textová cvičebnica ruského jazyka pre poľnohospodárov  |c autori: Michal Soták, Eugénia Gendiarová 
260 |a Bratislava  |b Príroda  |c 1969  |e Prešov  |f Dukelské tlačiarne 
300 |a 441, [4] s.  |c 8° 
500 |a Ilustr. Použ. lit. Tb. Schémy. Opr. Rus.-slov. a slov.- rus. slovník 
500 |a 3000 výtl. 
650 0 7 |a ruština  |2 SNK  |9 1346 
650 0 7 |a poľnohospodárstvo  |x ruština  |x texty odborné  |2 SNK  |9 737987 
655 7 |a Textbooks (higher)  |2 SNKPHeng  |9 276436 
655 7 |a učebnice vysokých škôl  |2 SNKPH  |9 70191 
655 7 |a učebnice  |2 SNK  |9 22521 
700 1 |a Gendiarová, Eugénia  |4 aut  |9 515010 
958 |a OND 
958 |a TL 
958 |a NB 
958 |a RK 
958 |a UV 
999 |c 1161084  |d 1163014 
952 |a SNK  |b SNK  |y VYP  |7 0  |p 17A0423674  |o snkSC 38158 D1  |i snkKSP 1462/76  |0 0  |1 0  |4 0  |d 2004-03-30  |l 0  |r 2005-01-02 00:00:00  |w 2026-02-24 
952 |a SNK  |b SNK  |y PREZ  |7 0  |p 17A0960971  |o snkSC 38158  |0 0  |1 0  |4 0  |d 2012-11-27  |l 0  |r 2025-10-10 00:00:00  |w 2026-02-24